| 000 | 01163nam a22003017a 4500 | ||
|---|---|---|---|
| 001 | 5249 | ||
| 003 | FISKH | ||
| 005 | 20241121103807.0 | ||
| 008 | 241121b cb ||||| |||| 00| 0 eng d | ||
| 020 | _a9780746060476 | ||
| 040 |
_aFISKH _beng _cFISKH _dFISKH |
||
| 050 | _aPZ7.A5118 | ||
| 082 | _a823.914 | ||
| 100 | _aAmery, Heather | ||
| 245 |
_aThe runaway tractor / _cHeather Amery Illustrated by Stephen Cartwright Language consultant: Betty Root Series editor: Jenny Tyler |
||
| 250 | _aThis first published in 2004 | ||
| 260 |
_aLondon : _bUrborne, _c2004. |
||
| 300 |
_a15 pages : _bColor illustrations ; _c21 cm |
||
| 505 | _aG | ||
| 520 | _a-- Each page has two reading levels, one for beginners and one for more advanced readers-- Beginners can use the first reading level to achieve the satisfaction of reading the whole book by themselves-- Stephen Cartwright's illustrations give clues to the words and their meanings | ||
| 521 | 8 |
_a340L
_bLexile |
|
| 521 | 8 |
_aG
_bRaz-Plus |
|
| 650 |
_2Transportation _aTractors |
||
| 650 |
_2Fiction _aFarm |
||
| 700 |
_aCartwright, Stephen _dIllustrator |
||
| 942 |
_2ddc _cBK _n0 |
||
| 999 |
_c5249 _d5249 |
||